000 00652nam a22001937a 4500
003 OSt
005 20260309074541.0
008 260309b |||||||| |||| 00| 0 eng d
020 _a978-621-406-376-5
040 _aDWCL Main lib
_cOC
082 _aFil. 978-621-406-376-5
100 _aPasahol, Jhon Ven Saint L.
245 _aProject mastery:
_ba comprehensive guide to successful project management
_cJhon Ven Saint L. Pasahol
260 _aManila, Philippines:
_bMindshapers,
_cc2024.
300 _aviii, 238 pages;
_c25 cm.
504 _aIncludes bibliographical references.
650 _a1. Project management.
942 _2ddc
_cBK - FIL
_kFil.
_n0
999 _c8755
_d8755